Canto épico premiado en los Juegos florales celebrados por la Academia de Ciencias y Literatura del Liceo de esta ciudad el día 19 de junio de 1859 [y Actas y discursos con motivo de los mismos]. (Record no. 54906)

MARC details
000 -LEADER
campo de control de longitud fija 00931nam a22002055i 4500
001 - NÚMERO DE CONTROL
campo de control 54906
003 - IDENTIFICADOR DE NÚMERO DE CONTROL
campo de control ES-MaACL
005 - FECHA Y HORA DE LA ÚLTIMA TRANSACCIÓN
campo de control 20230906163039.0
007 - CAMPO FIJO DE DESCRIPCIÓN FÍSICA--INFORMACIÓN GENERAL
campo de control de longitud fija t|
008 - DATOS DE LONGITUD FIJA--INFORMACIÓN GENERAL
campo de control de longitud fija 960730s1860 sp ||||1| spa d
040 ## - FUENTE DE CATALOGACIÓN
Centro catalogador/agencia de origen CAM
Lengua de catalogación spa
Centro/agencia transcriptor CAM
100 1# - ENTRADA PRINCIPAL--NOMBRE DE PERSONA
Nombre de persona García, José.
9 (RLIN) 54041
245 10 - MENCIÓN DEL TÍTULO
Título Canto épico premiado en los Juegos florales celebrados por la Academia de Ciencias y Literatura del Liceo de esta ciudad el día 19 de junio de 1859 [y Actas y discursos con motivo de los mismos].
260 ## - PUBLICACIÓN, DISTRIBUCIÓN, ETC.
Lugar de publicación, distribución, etc. Granada :
Nombre del editor, distribuidor, etc. [s.n.],
Fecha de publicación, distribución, etc. 1860 (
Fabricante Imprenta de Francisco Ventura y Sabatel)
300 ## - DESCRIPCIÓN FÍSICA
Extensión [ 68 p.] ;
Dimensiones 23 cm.
505 8# - NOTA DE CONTENIDO CON FORMATO
Nota de contenido con formato Contiene la composción premiada: La Batalla de las Navas de Tolosa: canto épico de José García
594 ## - Nota al título y mención de responsabilidad
Nota al título y mención de responsabilidad Encabezamiento tomado de la hoj. 9.
710 2# - ENTRADA AGREGADA--NOMBRE DE ENTIDAD CORPORATIVA
Nombre de entidad corporativa o nombre de jurisdicción como elemento de entrada Liceo de Granada.
Unidad subordinada Academia de Ciencias y Literatura.
9 (RLIN) 5528
852 ## - LOCALIZACIÓN
Ubicación ES-MaACL
Número de control de estantería L-4904(11-7)
Nota libre .- Donativo Roda
-- .- Enc. en un vol. facticio
Holdings
Estatus retirado Estado de pérdida Estado de daño No para préstamo Colección Biblioteca de origen Biblioteca actual Ubicación en estantería Fecha de adquisición Fuente de adquisición Total de préstamos Signatura topográfica completa Código de barras Visto por última vez Precio de reemplazo Tipo de ítem Koha
        Libros del s. XIX Biblioteca del Ateneo de Madrid Biblioteca del Ateneo de Madrid Depósito 2 17/01/2008     L-4904(11-7) 1057699 23/02/2023 23/02/2023 Libro impreso antiguo